| 000 | 00736nam a22002177a 4500 | ||
|---|---|---|---|
| 999 |
_c14700 _d14700 |
||
| 003 | AR-CdUCM | ||
| 008 | 190328b ||||| |||| 00| 0 eng d | ||
| 020 | _a978-612-4107-10-8 | ||
| 040 |
_aMUNICIPALIDAD PROVINCIAL DEL CUSCO _cBIBLIOTECA MUNICIPAL DEL CUSCO |
||
| 082 |
_aEP / 808.06 / _bSA22 |
||
| 100 |
_aSánchez Zúñiga, Flor. _925179 |
||
| 245 | _aEl algarrobo mágico / | ||
| 260 |
_aPerú : _bSantillana, _bCuenta cosas alfaguara, _c2013. |
||
| 300 |
_a33 páginas ; _bIlustraciones a color, _c22 cm. |
||
| 505 | _aContenido :El algarrobo mágico. | ||
| 650 |
_aCuentos infantiles peruanos _93914 |
||
| 650 |
_aSiglo XX _98 |
||
| 700 |
_aLeyva, David (Ilustrador) _933567 |
||
| 942 |
_2ddc _cLIBROS |
||
| 945 |
_arum _d2019-04-24 |
||